Las guerras que nos esperan

Gespeichert in:
Bibliographische Detailangaben
1. Verfasser: Sohr Biss, Raúl (VerfasserIn)
Format: Buch
Sprache:Spanisch
Veröffentlicht: Santiago B 2000
Schriftenreihe:Crónica Actual
Schlagworte:
Tags: Tag hinzufügen
Keine Tags, Fügen Sie den ersten Tag hinzu!

MARC

LEADER 00000nam a2200000 a 4500
001 UCO9840
003 CL-VaPUC
008 010309e20000300CL |||||||||||||||||spa|d
082 0 4 |a 303.66  |b SOH  |2 21 
100 0 |a Sohr Biss, Raúl  |e author  |9 454998 
245 1 4 |a Las guerras que nos esperan 
300 |a 318 p 
942 |c BK 
945 |d 20010309 00:00:00  |a cmena 
260 |a Santiago  |b B  |c 2000 
650 0 |a Sociología de la guerra  |9 454999 
650 0 |a Guerras  |9 255273 
650 0 |a Conflictos armados  |9 398234 
650 0 |a Globalización  |9 361930 
650 0 |a Terrorismo   |9 255070 
583 |a last modification  |c 20120724 10:06:54  |k Rodrigo Vera 
490 0 |a Crónica Actual 
999 |c 293862  |d 293860 
952 |0 0  |1 0  |4 0  |6 303_660000000000000_SOH_2000  |7 0  |8 A  |9 345628  |a BIBCUR  |b BIBCUR  |d 2019-11-20  |i 3697355  |o 303.66 SOH 2000  |p 3697355  |r 2025-04-22  |w 2019-11-20  |y BK  |k PER